000 01782cam a2200445 a 4500
001 14949920
003 OSt
005 20230923134828.0
008 070801s2008 nyu b 001 0 eng c
010 _a 2007934335
015 _a07,N34,0572
_2dnb
020 _a9780387737164 (alk. paper)
020 _a0387737162 (alk. paper)
020 _a9780387737171 (eISBN)
020 _a0387737170 (eISBN)
035 _a(OCoLC)ocn172979480
040 _aCOO
_cCOO
_dBTCTA
_dBAKER
_dBWX
_dYDXCP
_dMTG
_dSHH
_dOCLCG
_dVRC
_dDEBBG
_dYUS
_dDLC
042 _apcc
050 0 0 _aQA402.5
_b.J49 2008
082 0 0 _a519.6
_bJEY/N
084 _aSK 870
_2rvk
100 1 _aJeyakumar, Vaithilingam
_99572
245 1 0 _aNonsmooth vector functions and continuous optimization /
_cby V. Jeyakumar, D.T. Luc.
260 _aNew York :
_bSpringer,
_cc2008.
300 _ax, 269 p. ;
_c25 cm.
490 1 _aOptimization and its applications ;
_vv. 10
504 _aIncludes bibliographical references (p. [259]-264) and index.
505 0 _aPseudo-Jacobian matrices -- Calculus rules for Pseudo-Jacobians -- Openness of continuous vector functions -- Nonsmooth mathematical programming problems -- Monotone operators and nonsmooth variational inequalities.
650 0 _aNonsmooth optimization.
650 0 _aVector valued functions.
650 0 _aMathematical optimization.
650 0 7 _aNichtglatte Optimierung.
_2swd
650 0 7 _aVektorfunktion.
_2swd
700 1 _aDinh, The Luc,
_d1952-
830 0 _aSpringer optimization and its applications ;
_vv. 10.
906 _a7
_bcbc
_cpccadap
_d2
_encip
_f20
_gy-gencatlg
942 _2ddc
_cBK
_h519.6
_iJEY/N
_k519.6
_mJEY/N
999 _c42331
_d42331